| 000 | 00476nam a2200169Ia 4500 | ||
|---|---|---|---|
| 008 | 140626s9999 xx 000 0 und d | ||
| 100 | _aViscondo, Jennette. | ||
| 245 | 4 |
_aThe ultimate side trip beginner's guide to surfing and skimboarding / _cJennette Viscondo. |
|
| 260 | _cc2013. | ||
| 300 | _a7 : 2, page 70 | ||
| 440 | _aSide Trip | ||
| 521 | _aTOU | ||
| 650 | _aBeginner's guide. | ||
| 650 | _aSkim boarding tips. | ||
| 650 | _aSurfboarding tips. | ||
| 942 | _cSE | ||
| 999 |
_c121146 _d121146 |
||